We do not part /
"One morning in December, Kyungha receives a message from her friend Inseon saying she has been hospitalized in Seoul and asking that Kyungha join her urgently. The two women have last seen each other over a year before, on Jeju Island, where Inseon lives and where, two days before this reunion...
| Yazar: | |
|---|---|
| Diğer Yazarlar: | , |
| Materyal Türü: | Kitap |
| Dil: | English Korean |
| Baskı/Yayın Bilgisi: |
London :
Hamish Hamilton, an imprint of Penguin Books,
2025.
|
| Konular: | |
| İlgili Kayıtlar: | Online version:
We do not part. |
| Classic Catalogue: | View this record in Classic Catalogue |
| LEADER | 02954nam a2200433 i 4500 | ||
|---|---|---|---|
| 001 | 44468 | ||
| 003 | BD-DhAAL | ||
| 005 | 20250707120800.0 | ||
| 008 | 250707t2025 enk 000 1 eng d | ||
| 010 | |a 2024018837 | ||
| 020 | |a 9780241600269 | ||
| 020 | |a 9780593595459 | ||
| 020 | |z 9780593595473 | ||
| 035 | |a 23670146 | ||
| 040 | |a DLC |b eng |e rda |c DLC |d DLC |d BD-DhAAL | ||
| 041 | 1 | |a eng |h kor | |
| 042 | |a pcc | ||
| 043 | |a a-kr--- | ||
| 050 | 0 | 0 | |a PL992.26.K36 |b C4513 2025 |
| 082 | 0 | 0 | |a 893.735 |2 23 |
| 100 | 1 | |a Han, Kang, |d 1970- |e author. |9 58664 | |
| 240 | 1 | 0 | |a Chakpyŏl haji annŭnda. |l English |
| 245 | 1 | 0 | |a We do not part / |c Han Kang ; translated by E. Yaewon and Paige Aniyah Morris. |
| 264 | 1 | |a London : |b Hamish Hamilton, an imprint of Penguin Books, |c 2025. | |
| 264 | 4 | |c ©2025 | |
| 300 | |a 374 pages ; |c 22 cm | ||
| 500 | |a First published. | ||
| 520 | |a "One morning in December, Kyungha receives a message from her friend Inseon saying she has been hospitalized in Seoul and asking that Kyungha join her urgently. The two women have last seen each other over a year before, on Jeju Island, where Inseon lives and where, two days before this reunion, she has injured herself chopping wood. Airlifted to Seoul for an operation, Inseon has had to leave behind her pet bird. Bedridden, she begs Kyungha to take the first plane to Jeju to save the animal. A snowstorm hits the island when Kyungha arrives. She must reach Inseon's house at all costs, but the icy wind and snow squalls slow her down as night begins to fall. She wonders if she will arrive in time to save Inseon's bird-or even survive the terrible cold that envelops her with every step. Lost in a world of snow, she doesn't yet suspect the vertiginous plunge into the darkness which awaits her at her friend's house. There, the long-buried story of Inseon's family surges into light, in dreams and memories passed from mother to daughter, and in the archive painstakingly assembled at the house, documenting a terrible massacre on the island"-- | ||
| 541 | |a Donated by Farhana Zahir, Assistant Professor, BRAC Business School |e 44468 | ||
| 650 | 0 | |a Families |v Fiction. | |
| 650 | 0 | |a Missing persons |v Fiction. | |
| 651 | 0 | |a Korea |x History |y Chejudo Rebellion, 1948 |v Fiction. |9 58665 | |
| 700 | 1 | |a Yae Won, Emily, |e translator. |9 58666 | |
| 700 | 1 | |a Morris, Paige Aniyah, |e translator. |9 58667 | |
| 776 | 0 | 8 | |i Online version: |a Han, Kang, 1970- |t We do not part. |b First edition |d London ; New York, NY : Hogarth, 2025 |z 9780593595473 |w (DLC) 2024018838 |
| 852 | |a Ayehsa Abed Library |c General Stacks | ||
| 942 | |2 ddc |c BK | ||
| 999 | |c 47318 |d 47318 | ||
| 952 | |0 0 |1 0 |2 ddc |4 0 |6 893_735000000000000_HAN |7 0 |9 77851 |a BRACUL |b BRACUL |c GEN |d 2025-07-07 |e Donated by Farhana Zahir, Assistant Professor, BRAC Business School |l 4 |m 32 |o 893.735 HAN |p 3010044468 |q 2026-05-21 |r 2025-10-12 |s 2025-10-12 |t 1 |w 2025-07-07 |y BK |x Donated by Farhana Zahir, Assistant Professor, BRAC Business School ; £18.99 | ||